| 000 | 00507nam a22001697a 4500 | ||
|---|---|---|---|
| 005 | 20250614101220.0 | ||
| 008 | 250602b |||||||| |||| 00| 0 eng d | ||
| 020 | _a978-93-94525-67-2 | ||
| 041 | _aEnglish | ||
| 082 | _aPS 610.7368 KAU DB1375 | ||
| 100 |
_aKaur Sukhbir _9212338 |
||
| 245 | _aMental Health Nursing: Solved Question Papers for MSc Nursing University Exams | ||
| 260 |
_bCBS Publishers & Distributors Pvt. Ltd. _aNew Delhi _c2025 |
||
| 300 | _a536p | ||
| 365 | _bRs.595.00 | ||
| 942 | _cDB | ||
| 999 |
_c366897 _d366897 |
||